书目信息 |
| 题名: |
玄关·隔断
|
|
| 作者: | 张宁 主编 | |
| 分册: | ||
| 出版信息: | 北京 科学出版社 2010.07 |
|
| 页数: | 64页 | |
| 开本: | 29cm | |
| 丛书名: | 家居细部设计1688例 | |
| 单 册: | ||
| 中图分类: | TU767 | |
| 科图分类: | ||
| 主题词: | 住宅--门厅--室内装修--建筑设计--图集 , 住宅--隔墙--室内装修--建筑设计--图集 | |
| 电子资源: | ||
| ISBN: | 978-7-03-027708-4 | |
| 000 | 00937nam 2200253 450 | |
| 001 | 1063800125 | |
| 005 | 20101007174456.00 | |
| 010 | @a978-7-03-027708-4@dCNY22.00 | |
| 100 | @a20101129d2010 km y0chiy0120 ea | |
| 101 | 0 | @achi |
| 102 | @aCN@b110000 | |
| 105 | @aa z 000yy | |
| 200 | 1 | @a玄关·隔断@Axuan guan·ge duan@f张宁主编 |
| 210 | @a北京@c科学出版社@d2010.07 | |
| 215 | @a64页@c图@d29cm | |
| 225 | 2 | @a家居细部设计1688例 |
| 330 | @a玄关是室外与室内空间的过渡,隔断是对功能空间的划分,这两个空间对于家居的整体布局效果非常重要,同时由于特殊性,在装修设计上都有一定的难度。巧妙的设计、合理的选材、精心的装饰能让这不大的空间呈现别样的空间气质,给人以无限精致的感觉。 | |
| 410 | 0 | @12001 @a家居细部设计1688例 |
| 606 | 0 | @a住宅@x门厅@x室内装修@x建筑设计@x图集 |
| 606 | 0 | @a住宅@x隔墙@x室内装修@x建筑设计@x图集 |
| 690 | @aTU767@v4 | |
| 701 | 0 | @a张宁@Azhang ning@4主编 |
| 801 | 0 | @aCN@c20101129 |
| 905 | @dTU767@eZ142-12 | |
| 玄关·隔断/张宁主编.-北京:科学出版社,2010.07 |
| 64页:图;29cm.-(家居细部设计1688例) |
| ISBN 978-7-03-027708-4:CNY22.00 |
| 玄关是室外与室内空间的过渡,隔断是对功能空间的划分,这两个空间对于家居的整体布局效果非常重要,同时由于特殊性,在装修设计上都有一定的难度。巧妙的设计、合理的选材、精心的装饰能让这不大的空间呈现别样的空间气质,给人以无限精致的感觉。 |
| ● |
| 相关链接 |
|
|
|
正题名:玄关·隔断
索取号:TU767/Z142-12
 
预约/预借
| 序号 | 登录号 | 条形码 | 馆藏地/架位号 | 状态 | 备注 |
| 1 | 1032173 | 210321739 | 建筑库201/201建筑库 46排6列5层/ [索取号:TU767/Z142-12] | 在馆 | |
| 2 | 1032174 | 210321748 | 建筑库201/201建筑库 46排6列5层/ [索取号:TU767/Z142-12] | 在馆 | |
| 3 | 1032175 | 210321757 | 建筑库201/201建筑库 46排6列5层/ [索取号:TU767/Z142-12] | 在馆 |